[Event "GBR-ch78"]
[Site "Eastbourne"]
[Date "1991.08.07"]
[Round "9.14"]
[White "Buckley, Graeme"]
[Black "McLaren, Leonard"]
[Result "0-1"]
[WhiteElo "2285"]
[BlackElo "2250"]
[PlyCount "68"]
[EventDate "1991.07.29"]
[EventType "swiss"]
[EventRounds "11"]
[EventCountry "GBR"]
[SourceTitle "EXT 1997"]
[Source "ChessBase"]
[SourceDate "1996.11.15"]
[SourceVersion "1"]
[SourceVersionDate "1996.11.15"]
[SourceQuality "1"]

1. d4 d5 2. c4 e6 3. Nc3 Be7 4. Nf3 Nf6 5. Bg5 h6 6. Bxf6 Bxf6 7. cxd5 exd5 8.
e3 c6 9. b4 Bf5 10. Bd3 Bxd3 11. Qxd3 a6 12. O-O Nd7 13. a4 O-O 14. b5 Qa5 15.
bxc6 bxc6 16. Rfc1 Rab8 17. Ne2 c5 18. Qf5 cxd4 19. Qxd7 dxe3 20. Ra2 exf2+ 21.
Kxf2 d4 22. Qc7 Qf5 23. Ng3 Qd3 24. Qf4 Qb3 25. Rd2 Qxa4 26. Ne4 Bd8 27. Nxd4
Rb4 28. Nc5 Qa3 29. Rd3 Rxd4 30. Qxd4 Qxc1 31. Nxa6 Bb6 32. Qxb6 Qc2+ 33. Ke3
Re8+ 34. Kd4 Qf2+ 0-1

[Event "GBR-ch78"]
[Site "Eastbourne"]
[Date "1991.08.07"]
[Round "9.16"]
[White "Emms, John M"]
[Black "Byway, Paul V"]
[Result "1-0"]
[WhiteElo "2425"]
[BlackElo "2315"]
[PlyCount "47"]
[EventDate "1991.07.29"]
[EventType "swiss"]
[EventRounds "11"]
[EventCountry "GBR"]
[SourceTitle "EXT 1997"]
[Source "ChessBase"]
[SourceDate "1996.11.15"]
[SourceVersion "1"]
[SourceVersionDate "1996.11.15"]
[SourceQuality "1"]

1. e4 c5 2. Nf3 e6 3. d4 cxd4 4. Nxd4 Nf6 5. Nc3 Nc6 6. Ndb5 Bb4 7. Bf4 Nxe4 8.
Qf3 d5 9. O-O-O Bxc3 10. Nc7+ Kf8 11. bxc3 e5 12. Nxd5 Ng5 13. Bxg5 Qxg5+ 14.
Kb1 h5 15. Be2 Bf5 16. h4 Qg6 17. Rd2 Rc8 18. Qe3 Rh6 19. Rhd1 Nd4 20. cxd4
Bxc2+ 21. Ka1 Bxd1 22. Rxd1 exd4 23. Qe7+ Kg8 24. Qd7 1-0

[Event "GBR-ch78"]
[Site "Eastbourne"]
[Date "1991.08.07"]
[Round "9.17"]
[White "Knox, Victor W"]
[Black "McDonald, Neil R"]
[Result "1/2-1/2"]
[WhiteElo "2310"]
[BlackElo "2390"]
[PlyCount "70"]
[EventDate "1991.07.29"]
[EventType "swiss"]
[EventRounds "11"]
[EventCountry "GBR"]
[SourceTitle "EXT 1997"]
[Source "ChessBase"]
[SourceDate "1996.11.15"]
[SourceVersion "1"]
[SourceVersionDate "1996.11.15"]
[SourceQuality "1"]

1. e4 e6 2. d4 d5 3. Nc3 Bb4 4. e5 c5 5. Bd2 Ne7 6. Nb5 Bxd2+ 7. Qxd2 O-O 8. f4
a6 9. Nd6 cxd4 10. Nf3 Nbc6 11. Nxd4 Nxd4 12. Qxd4 Nc6 13. Qe3 d4 14. Qd2 f6
15. O-O-O Qc7 16. Nxc8 fxe5 17. Bc4 Qxc8 18. fxe5 b5 19. Bb3 a5 20. a4 Rb8 21.
Rhf1 bxa4 22. Rxf8+ Qxf8 23. Bxa4 Nb4 24. Bb3 a4 25. Bxe6+ Kh8 26. Qxd4 a3 27.
bxa3 Nc6 28. Qe3 Qe7 29. Rd6 Na5 30. Bb3 Qc7 31. Kd1 h6 32. Rxh6+ gxh6 33.
Qxh6+ Qh7 34. Qf6+ Qg7 35. Qh4+ Qh7 1/2-1/2

[Event "GBR-ch78"]
[Site "Eastbourne"]
[Date "1991.08.07"]
[Round "9.19"]
[White "Rosenberg, Daniel"]
[Black "Clarke, Stuart W"]
[Result "1/2-1/2"]
[WhiteElo "2230"]
[BlackElo "2335"]
[PlyCount "64"]
[EventDate "1991.07.29"]
[EventType "swiss"]
[EventRounds "11"]
[EventCountry "GBR"]
[SourceTitle "EXT 1997"]
[Source "ChessBase"]
[SourceDate "1996.11.15"]
[SourceVersion "1"]
[SourceVersionDate "1996.11.15"]
[SourceQuality "1"]

1. d4 Nf6 2. c4 e6 3. Nc3 Bb4 4. e3 c5 5. Nge2 Nc6 6. a3 Bxc3+ 7. Nxc3 b6 8. d5
Ne7 9. e4 Ng6 10. Be2 e5 11. h4 h6 12. Be3 d6 13. h5 Nf8 14. f3 N8h7 15. Qd2
Bd7 16. g4 Qe7 17. O-O-O O-O-O 18. Rdg1 Ng5 19. Bd1 Nfh7 20. Rf1 a6 21. Ba4 Kc7
22. b4 Rb8 23. Rh2 Rhc8 24. Bxd7 Qxd7 25. b5 a5 26. Ne2 f6 27. Ng3 Rg8 28. Nf5
Rbe8 29. Qf2 Nf7 30. Qg3 Nhg5 31. Nh4 Qd8 32. a4 Qd7 1/2-1/2

[Event "GBR-ch78"]
[Site "Eastbourne"]
[Date "1991.08.07"]
[Round "9.20"]
[White "Rossiter, Philip J"]
[Black "Rogers, Jonathan"]
[Result "0-1"]
[WhiteElo "2320"]
[BlackElo "2245"]
[PlyCount "60"]
[EventDate "1991.07.29"]
[EventType "swiss"]
[EventRounds "11"]
[EventCountry "GBR"]
[SourceTitle "EXT 1997"]
[Source "ChessBase"]
[SourceDate "1996.11.15"]
[SourceVersion "1"]
[SourceVersionDate "1996.11.15"]
[SourceQuality "1"]

1. d4 f5 2. c4 Nf6 3. g3 e6 4. Bg2 Be7 5. Nf3 O-O 6. O-O d6 7. Nc3 Qe8 8. Qc2
Qh5 9. e4 e5 10. dxe5 dxe5 11. exf5 Bxf5 12. Qb3 Nbd7 13. Be3 e4 14. Nd4 Ng4
15. h3 Nxe3 16. fxe3 Bxh3 17. Qxb7 Nf6 18. Nd5 Bxg2 19. Kxg2 Rab8 20. Nxf6+
Bxf6 21. Qd5+ Qxd5 22. cxd5 Rxb2+ 23. Kg1 Bxd4 24. exd4 e3 25. Rxf8+ Kxf8 26.
Rc1 Ke7 27. Rxc7+ Kd6 28. Rc8 Rb1+ 29. Kg2 e2 30. Rd8+ Kc7 0-1

[Event "GBR-ch78"]
[Site "Eastbourne"]
[Date "1991.08.07"]
[Round "9.21"]
[White "Parr, Frank"]
[Black "Baker, Chris W"]
[Result "0-1"]
[WhiteElo "2315"]
[BlackElo "2270"]
[PlyCount "56"]
[EventDate "1991.07.29"]
[EventType "swiss"]
[EventRounds "11"]
[EventCountry "GBR"]
[SourceTitle "EXT 1997"]
[Source "ChessBase"]
[SourceDate "1996.11.15"]
[SourceVersion "1"]
[SourceVersionDate "1996.11.15"]
[SourceQuality "1"]

1. f4 Nf6 2. Nf3 g6 3. e3 Bg7 4. Be2 O-O 5. O-O d6 6. d3 Nc6 7. d4 e5 8. d5 Ne7
9. c4 exf4 10. exf4 c6 11. dxc6 bxc6 12. Kh1 Re8 13. Nc3 Nf5 14. Bd3 Ng4 15.
Bxf5 Bxf5 16. h3 Ne3 17. Bxe3 Rxe3 18. Qd2 Rd3 19. Qe2 Qe8 20. Qf2 Qe6 21. c5
dxc5 22. Qxc5 Bxh3 23. Qf2 Bf5 24. Rfe1 Qd6 25. Ne5 Rd2 26. Qe3 Rxb2 27. Nc4
Qb4 28. Nxb2 Bxc3 0-1

[Event "GBR-ch78"]
[Site "Eastbourne"]
[Date "1991.08.07"]
[Round "9.25"]
[White "Rahman, Tahmidur"]
[Black "Thipsay, Bagyashree Sathe"]
[Result "1-0"]
[WhiteElo "2305"]
[BlackElo "2185"]
[PlyCount "63"]
[EventDate "1991.07.29"]
[EventType "swiss"]
[EventRounds "11"]
[EventCountry "GBR"]
[SourceTitle "EXT 1997"]
[Source "ChessBase"]
[SourceDate "1996.11.15"]
[SourceVersion "1"]
[SourceVersionDate "1996.11.15"]
[SourceQuality "1"]

1. d4 d5 2. c4 e6 3. Nf3 c5 4. g3 Nc6 5. Bg2 Nf6 6. O-O Be7 7. cxd5 exd5 8.
dxc5 Bxc5 9. Qc2 Bb6 10. Nc3 d4 11. Na4 O-O 12. Rd1 h6 13. b3 Bg4 14. Bb2 Rc8
15. Nxb6 axb6 16. Qd2 Re8 17. h3 Bh5 18. Nxd4 Nxd4 19. Qxd4 Bxe2 20. Qxd8 Rcxd8
21. Rxd8 Rxd8 22. Bxb7 Nd5 23. a3 Bf3 24. a4 h5 25. b4 Rd7 26. Bc6 Rd6 27. Rc1
f6 28. a5 bxa5 29. bxa5 Be2 30. Ba3 Rd8 31. Re1 Bc4 32. Rd1 1-0

[Event "GBR-ch78"]
[Site "Eastbourne"]
[Date "1991.08.07"]
[Round "9.26"]
[White "Keogh, Eamon"]
[Black "Jones, Andrew"]
[Result "0-1"]
[WhiteElo "2225"]
[BlackElo "2250"]
[PlyCount "62"]
[EventDate "1991.07.29"]
[EventType "swiss"]
[EventRounds "11"]
[EventCountry "GBR"]
[SourceTitle "EXT 1997"]
[Source "ChessBase"]
[SourceDate "1996.11.15"]
[SourceVersion "1"]
[SourceVersionDate "1996.11.15"]
[SourceQuality "1"]

1. e4 c5 2. Nc3 Nc6 3. g3 g6 4. Bg2 Bg7 5. d3 d6 6. f4 e6 7. Nf3 Nge7 8. O-O
O-O 9. Ne2 Nd4 10. c3 Nxe2+ 11. Qxe2 Rb8 12. Be3 b5 13. d4 c4 14. Nh4 f5 15. d5
fxe4 16. dxe6 d5 17. Rad1 Qc7 18. Bh3 Nf5 19. Nxf5 gxf5 20. Rxd5 Bxe6 21. Rc5
Qf7 22. g4 Qg6 23. Kh1 fxg4 24. Rg5 Qxg5 25. fxg5 gxh3 26. Bxa7 Rxf1+ 27. Qxf1
Rf8 28. Qe2 Rf4 29. Bb8 Bg4 30. Qe1 Rf3 31. Ba7 Rd3 0-1

[Event "GBR-ch78"]
[Site "Eastbourne"]
[Date "1991.08.08"]
[Round "10.1"]
[White "Anagnostopoulos, Dimitrios"]
[Black "Hodgson, Julian M"]
[Result "1/2-1/2"]
[WhiteElo "2395"]
[BlackElo "2570"]
[PlyCount "39"]
[EventDate "1991.07.29"]
[EventType "swiss"]
[EventRounds "11"]
[EventCountry "GBR"]
[SourceTitle "EXT 1997"]
[Source "ChessBase"]
[SourceDate "1996.11.15"]
[SourceVersion "1"]
[SourceVersionDate "1996.11.15"]
[SourceQuality "1"]

1. e4 e6 2. d4 d5 3. Nd2 dxe4 4. Nxe4 Bd7 5. Nf3 Bc6 6. Bd3 Nd7 7. O-O Ngf6 8.
Ng3 Be7 9. Re1 O-O 10. c3 b6 11. Qe2 Bb7 12. Bf4 Nd5 13. Bd2 Bd6 14. Qe4 N7f6
15. Qh4 Ne7 16. Nh5 Ng6 17. Qh3 Nxh5 18. Qxh5 Bxf3 19. Qxf3 c5 20. dxc5 1/2-1/2

[Event "GBR-ch78"]
[Site "Eastbourne"]
[Date "1991.08.08"]
[Round "10.2"]
[White "Thipsay, Praveen Mahadeo"]
[Black "Barua, Dibyendu"]
[Result "1/2-1/2"]
[WhiteElo "2490"]
[BlackElo "2550"]
[PlyCount "28"]
[EventDate "1991.07.29"]
[EventType "swiss"]
[EventRounds "11"]
[EventCountry "GBR"]
[SourceTitle "EXT 1997"]
[Source "ChessBase"]
[SourceDate "1996.11.15"]
[SourceVersion "1"]
[SourceVersionDate "1996.11.15"]
[SourceQuality "1"]

1. e4 c5 2. Nf3 e6 3. d4 cxd4 4. Nxd4 a6 5. Nc3 Qc7 6. Be2 Nc6 7. O-O Nf6 8.
Kh1 d6 9. f4 Bd7 10. Be3 Be7 11. Qe1 O-O 12. Qg3 Nxd4 13. Bxd4 Bc6 14. Rae1 b5
1/2-1/2

[Event "GBR-ch78"]
[Site "Eastbourne"]
[Date "1991.08.08"]
[Round "10.3"]
[White "Basman, Michael J"]
[Black "Wells, Peter K"]
[Result "0-1"]
[WhiteElo "2365"]
[BlackElo "2465"]
[PlyCount "77"]
[EventDate "1991.07.29"]
[EventType "swiss"]
[EventRounds "11"]
[EventCountry "GBR"]
[SourceTitle "EXT 1997"]
[Source "ChessBase"]
[SourceDate "1996.11.15"]
[SourceVersion "1"]
[SourceVersionDate "1996.11.15"]
[SourceQuality "1"]

1. h3 d5 2. b4 e5 3. a3 Bd6 4. e3 Nd7 5. c4 dxc4 6. Bxc4 a5 7. b5 Ngf6 8. Nc3
O-O 9. Qc2 Nc5 10. Nge2 e4 11. Nd4 Be5 12. Nce2 Nd3+ 13. Bxd3 exd3 14. Qxd3 c5
15. bxc6 bxc6 16. Qc2 Ba6 17. Bb2 Rb8 18. Bc3 Qd5 19. f3 Rfe8 20. e4 Qd7 21.
Qa4 Bd3 22. Rc1 Nh5 23. Qxc6 Qa7 24. Nf5 Bxc3 25. Qxc3 Bxe2 26. Kxe2 Qa6+ 27.
Kf2 Qg6 28. Qc7 Qe6 29. Rhe1 g6 30. Ne3 Rbd8 31. Nd5 Rd6 32. Qxa5 Qe5 33. Qb5
Qg3+ 34. Kg1 Red8 35. Qb2 Rxd5 36. exd5 Nf4 37. d3 Nxh3+ 38. Kf1 Qh2 39. Qb6
0-1

[Event "GBR-ch78"]
[Site "Eastbourne"]
[Date "1991.08.08"]
[Round "10.4"]
[White "Ward, Chris R"]
[Black "Norwood, David"]
[Result "0-1"]
[WhiteElo "2435"]
[BlackElo "2500"]
[PlyCount "68"]
[EventDate "1991.07.29"]
[EventType "swiss"]
[EventRounds "11"]
[EventCountry "GBR"]
[SourceTitle "EXT 1997"]
[Source "ChessBase"]
[SourceDate "1996.11.15"]
[SourceVersion "1"]
[SourceVersionDate "1996.11.15"]
[SourceQuality "1"]

1. c4 e5 2. Nc3 Nc6 3. g3 d6 4. Bg2 Be6 5. d3 h6 6. e4 Be7 7. Nge2 Qd7 8. Nd5
h5 9. h4 Nh6 10. d4 exd4 11. Nxd4 Bxd5 12. cxd5 Nxd4 13. Qxd4 Bf6 14. Qb4 Ng4
15. Bh3 O-O 16. f3 a5 17. Qc4 Ne5 18. Bxd7 Nxc4 19. Bb5 Ne5 20. Be2 c6 21. Bg5
cxd5 22. Bxf6 gxf6 23. exd5 Rac8 24. f4 Ng4 25. Kd2 Rc5 26. Bf3 Rb5 27. b3 f5
28. Kc3 Rc8+ 29. Kb2 Nf2 30. Rh2 Nd3+ 31. Ka3 a4 32. Be2 axb3 33. Bxd3 b2 34.
Bxb5 bxa1=Q 0-1

[Event "GBR-ch78"]
[Site "Eastbourne"]
[Date "1991.08.08"]
[Round "10.5"]
[White "Martin, Andrew D"]
[Black "Hebden, Mark"]
[Result "1-0"]
[WhiteElo "2415"]
[BlackElo "2485"]
[PlyCount "77"]
[EventDate "1991.07.29"]
[EventType "swiss"]
[EventRounds "11"]
[EventCountry "GBR"]
[SourceTitle "EXT 1997"]
[Source "ChessBase"]
[SourceDate "1996.11.15"]
[SourceVersion "1"]
[SourceVersionDate "1996.11.15"]
[SourceQuality "1"]

1. Nf3 Nf6 2. e3 g6 3. b4 Bg7 4. Bb2 O-O 5. c4 d6 6. d4 Nbd7 7. Be2 e5 8. O-O
e4 9. Nfd2 c6 10. Nc3 d5 11. b5 Re8 12. Rc1 Nf8 13. Ba3 Ne6 14. Qb3 Nc7 15. Rc2
cxb5 16. cxd5 a6 17. d6 Ne6 18. Rfc1 Nf8 19. Nd5 Be6 20. Ne7+ Kh8 21. d5 Nxd5
22. Nxd5 Qg5 23. Nxe4 Qxd5 24. Qxd5 Bxd5 25. Nc5 Ne6 26. Nxe6 Bxe6 27. Bf3 Rab8
28. Rc7 Red8 29. Bxb7 a5 30. Bc5 b4 31. Ba7 Be5 32. Bxb8 Bxd6 33. Ba7 Bxc7 34.
Bd4+ Rxd4 35. exd4 Bf4 36. Rc5 a4 37. Ra5 b3 38. axb3 axb3 39. Rb5 1-0

[Event "GBR-ch78"]
[Site "Eastbourne"]
[Date "1991.08.08"]
[Round "10.6"]
[White "Cooper, John Grantley"]
[Black "Howell, James C"]
[Result "0-1"]
[WhiteElo "2370"]
[BlackElo "2455"]
[PlyCount "128"]
[EventDate "1991.07.29"]
[EventType "swiss"]
[EventRounds "11"]
[EventCountry "GBR"]
[SourceTitle "EXT 1997"]
[Source "ChessBase"]
[SourceDate "1996.11.15"]
[SourceVersion "1"]
[SourceVersionDate "1996.11.15"]
[SourceQuality "1"]

1. d4 Nf6 2. c4 e6 3. Nc3 Bb4 4. e3 c5 5. Bd3 Nc6 6. Nf3 Bxc3+ 7. bxc3 d6 8.
O-O e5 9. Qc2 O-O 10. d5 Ne7 11. Ne1 Qe8 12. g3 e4 13. Bxe4 Nxe4 14. Qxe4 Bh3
15. Ng2 Ng6 16. Qxe8 Rfxe8 17. f3 f5 18. Rb1 b6 19. Rf2 Bxg2 20. Rxg2 Ne5 21.
Kf2 Re7 22. h3 Rae8 23. g4 Nxc4 24. gxf5 Nxe3 25. f6 Nxg2 26. fxe7 Nh4 27. Bf4
Nf5 28. Re1 Kf7 29. Re6 Rxe7 30. Bxd6 Rd7 31. Bb8 Rxd5 32. Re5 Rxe5 33. Bxe5 b5
34. Bb8 a6 35. Ba7 c4 36. f4 Ke6 37. Kf3 Kd5 38. Bb6 h5 39. Bc7 g6 40. Be5 Nh4+
41. Kg3 Nf5+ 42. Kf3 Nd6 43. Ke3 Ne4 44. Bg7 Nc5 45. Bf6 Nd3 46. Bg7 b4 47.
cxb4 Nxb4 48. a4 Nd3 49. Bc3 Nc5 50. a5 Ne4 51. Be1 Nd6 52. Bc3 Nb5 53. Bg7 Ke6
54. Be5 Kf5 55. Bb8 h4 56. Kf3 Nd4+ 57. Ke3 c3 58. Ba7 Ne6 59. Kd3 Nxf4+ 60.
Kxc3 Nxh3 61. Kc4 Nf4 62. Bg1 g5 63. Kc5 Ne2 64. Bh2 g4 0-1

[Event "GBR-ch78"]
[Site "Eastbourne"]
[Date "1991.08.08"]
[Round "10.7"]
[White "Ledger, Andrew"]
[Black "Collinson, Adam"]
[Result "1/2-1/2"]
[WhiteElo "2345"]
[BlackElo "2325"]
[PlyCount "116"]
[EventDate "1991.07.29"]
[EventType "swiss"]
[EventRounds "11"]
[EventCountry "GBR"]
[SourceTitle "EXT 1997"]
[Source "ChessBase"]
[SourceDate "1996.11.15"]
[SourceVersion "1"]
[SourceVersionDate "1996.11.15"]
[SourceQuality "1"]

1. d4 Nf6 2. Nf3 g6 3. Bg5 Bg7 4. Nbd2 O-O 5. c3 d6 6. e4 Qe8 7. h3 Nc6 8. Bd3
e5 9. O-O Nh5 10. dxe5 dxe5 11. Be3 b6 12. Re1 Bb7 13. Qc2 Rd8 14. b4 Nf4 15.
Bc4 Ne6 16. Nb3 Nb8 17. a4 Nd7 18. a5 Qe7 19. axb6 axb6 20. Ra7 Rb8 21. Nbd2
Nd8 22. Bd5 Nf6 23. Bxb7 Rxb7 24. Rxb7 Nxb7 25. Ra1 Ne8 26. Ra7 Ned6 27. c4 Rb8
28. Qa4 Qe8 29. Qa6 Qc8 30. c5 bxc5 31. bxc5 Ne8 32. Qc6 Kf8 33. Nc4 Nd8 34.
Qd5 f6 35. g4 Qe6 36. Kg2 Kg8 37. g5 fxg5 38. Nxg5 Qxd5 39. exd5 Nf6 40. d6
cxd6 41. Nxd6 Nd5 42. Kf3 h6 43. Nge4 Nc6 44. Rd7 Rd8 45. Rxd8+ Nxd8 46. Nc4
Kf7 47. Na5 Nb4 48. Nc3 Ke6 49. Ke4 Bf8 50. Nb5 Ndc6 51. Nxc6 Nxc6 52. Nc7+ Kd7
53. Nd5 Ke6 54. f4 Bg7 55. fxe5 g5 56. Nc7+ Kd7 57. Nb5 Bxe5 58. Kf5 Bg7
1/2-1/2

[Event "GBR-ch78"]
[Site "Eastbourne"]
[Date "1991.08.08"]
[Round "10.9"]
[White "Hennigan, Michael T"]
[Black "Lalic, Susan"]
[Result "1-0"]
[WhiteElo "2300"]
[BlackElo "2275"]
[PlyCount "79"]
[EventDate "1991.07.29"]
[EventType "swiss"]
[EventRounds "11"]
[EventCountry "GBR"]
[SourceTitle "EXT 1997"]
[Source "ChessBase"]
[SourceDate "1996.11.15"]
[SourceVersion "1"]
[SourceVersionDate "1996.11.15"]
[SourceQuality "1"]

1. e4 c6 2. d4 d5 3. exd5 cxd5 4. c4 Nf6 5. Nc3 g6 6. Qb3 Bg7 7. cxd5 O-O 8. g3
e6 9. dxe6 Nc6 10. exf7+ Kh8 11. Nge2 Qe7 12. Qd1 Rd8 13. Be3 Ng4 14. Qd2 Nce5
15. Bg2 Qxf7 16. b3 Nf3+ 17. Bxf3 Qxf3 18. O-O-O Re8 19. Rhe1 Bf5 20. Ng1 Qc6
21. h3 Nf6 22. Kb2 Nd5 23. g4 Be6 24. Nge2 a5 25. Bh6 Bxh6 26. Qxh6 a4 27. Nxa4
Rxa4 28. bxa4 Qxa4 29. Qd2 Ne3 30. Nc3 Nxd1+ 31. Rxd1 Qb4+ 32. Ka1 Bc4 33. d5
Ra8 34. Qb2 Qa5 35. d6 Kg8 36. d7 b5 37. Rd2 b4 38. Ne4 b3 39. Qc3 Qxc3+ 40.
Nxc3 1-0

[Event "GBR-ch78"]
[Site "Eastbourne"]
[Date "1991.08.08"]
[Round "10.10"]
[White "Mortazavi, Ali"]
[Black "Plaskett, H James"]
[Result "0-1"]
[WhiteElo "2275"]
[BlackElo "2465"]
[PlyCount "70"]
[EventDate "1991.07.29"]
[EventType "swiss"]
[EventRounds "11"]
[EventCountry "GBR"]
[SourceTitle "EXT 1997"]
[Source "ChessBase"]
[SourceDate "1996.11.15"]
[SourceVersion "1"]
[SourceVersionDate "1996.11.15"]
[SourceQuality "1"]

1. d4 Nf6 2. Nf3 c5 3. e3 b6 4. Bd3 Bb7 5. O-O e6 6. Nbd2 Be7 7. b3 Nc6 8. Bb2
O-O 9. a3 Rc8 10. Re1 Re8 11. c4 Bf8 12. d5 exd5 13. cxd5 Nxd5 14. Ne4 h6 15.
Bc2 Na5 16. Qd3 g6 17. Ne5 Qe7 18. Nc4 Qe6 19. Rad1 f5 20. Ng3 Nxc4 21. bxc4
Nf6 22. Ba4 Rcd8 23. Ne2 Nh5 24. Bc3 Be4 25. Qd2 Qxc4 26. Bxd7 Bb7 27. Nf4 Bc6
28. Bxc6 Rxd2 29. Bxd2 Rd8 30. Nxh5 gxh5 31. Bf3 Qc2 32. Bc1 Rxd1 33. Rxd1 c4
34. Bxh5 c3 35. g3 Qa4 0-1

[Event "GBR-ch78"]
[Site "Eastbourne"]
[Date "1991.08.08"]
[Round "10.11"]
[White "Arkell, Keith C"]
[Black "Lund, D Brett"]
[Result "1-0"]
[WhiteElo "2455"]
[BlackElo "2290"]
[PlyCount "107"]
[EventDate "1991.07.29"]
[EventType "swiss"]
[EventRounds "11"]
[EventCountry "GBR"]
[SourceTitle "EXT 1997"]
[Source "ChessBase"]
[SourceDate "1996.11.15"]
[SourceVersion "1"]
[SourceVersionDate "1996.11.15"]
[SourceQuality "1"]

1. d4 e6 2. c4 c5 3. d5 exd5 4. cxd5 d6 5. Nc3 g6 6. Nf3 Nf6 7. g3 Bg7 8. Bg2
O-O 9. O-O b6 10. Nd2 Na6 11. Nc4 Ne8 12. Rb1 Nac7 13. a4 Ba6 14. Qd3 Qd7 15.
b3 f5 16. Bb2 Nf6 17. e4 fxe4 18. Nxe4 Nxe4 19. Bxe4 Rae8 20. Bxg7 Qxg7 21. f3
Re7 22. Rfc1 Ne8 23. Qc3 Bxc4 24. Qxg7+ Kxg7 25. bxc4 Nf6 26. Bc2 Re3 27. Bd1
Nd7 28. Kf2 Rfe8 29. a5 Ra3 30. Ra1 Ree3 31. axb6 Nxb6 32. f4 Kf6 33. Be2 Kf5
34. Bf1 Rf3+ 35. Kg1 Rfb3 36. Rxa3 Rxa3 37. Re1 g5 38. fxg5 Kxg5 39. Re6 Ra1
40. Kf2 Ra2+ 41. Kg1 Ra1 42. h4+ Kg4 43. Kg2 Ra2+ 44. Be2+ Kf5 45. Kh3 Rxe2 46.
g4+ Kf4 47. Rxe2 Nxc4 48. Re7 Nb6 49. Rxh7 Nxd5 50. Rf7+ Ke4 51. h5 c4 52. h6
c3 53. h7 c2 54. Rf1 1-0

[Event "GBR-ch78"]
[Site "Eastbourne"]
[Date "1991.08.08"]
[Round "10.14"]
[White "Mishra, Neeraj Kumar"]
[Black "Rogers, Jonathan"]
[Result "0-1"]
[WhiteElo "2375"]
[BlackElo "2245"]
[PlyCount "64"]
[EventDate "1991.07.29"]
[EventType "swiss"]
[EventRounds "11"]
[EventCountry "GBR"]
[SourceTitle "EXT 1997"]
[Source "ChessBase"]
[SourceDate "1996.11.15"]
[SourceVersion "1"]
[SourceVersionDate "1996.11.15"]
[SourceQuality "1"]

1. d4 f5 2. g3 Nf6 3. Bg2 e6 4. Nf3 Be7 5. O-O O-O 6. c4 d6 7. b3 Qe8 8. Qc2
Nc6 9. Bb2 Qh5 10. Nc3 Bd7 11. d5 Nb4 12. Qd2 e5 13. Nb5 Na6 14. Ba3 f4 15.
gxf4 Bh3 16. fxe5 Ng4 17. Nbd4 Nc5 18. e6 Ne4 19. Qd3 Bxg2 20. Kxg2 Ngxf2 21.
Rxf2 Nxf2 22. Qe3 Ng4 23. Qe4 Rf6 24. Rh1 Raf8 25. h3 Rf4 26. Qd3 Ne5 27. Qe3
Qg6+ 28. Kf1 Rxd4 29. Qxd4 Nxf3 30. exf3 Rxf3+ 31. Ke1 Qb1+ 32. Qd1 Bh4+ 0-1

[Event "GBR-ch78"]
[Site "Eastbourne"]
[Date "1991.08.08"]
[Round "10.15"]
[White "Canfell, Gregory"]
[Black "Britton, Richard"]
[Result "0-1"]
[WhiteElo "2355"]
[BlackElo "2255"]
[PlyCount "92"]
[EventDate "1991.07.29"]
[EventType "swiss"]
[EventRounds "11"]
[EventCountry "GBR"]
[SourceTitle "EXT 1997"]
[Source "ChessBase"]
[SourceDate "1996.11.15"]
[SourceVersion "1"]
[SourceVersionDate "1996.11.15"]
[SourceQuality "1"]

1. e4 c5 2. Nf3 d6 3. d4 cxd4 4. Nxd4 Nf6 5. Nc3 a6 6. a4 e5 7. Nf3 h6 8. Bc4
Qc7 9. Qe2 Be6 10. Bxe6 fxe6 11. O-O Nc6 12. Be3 Qf7 13. Nd2 Be7 14. f4 exf4
15. Bxf4 Qh5 16. Nf3 O-O 17. Kh1 Ng4 18. Bg3 Rf7 19. Qc4 Ne3 20. Qxe6 Nxf1 21.
Rxf1 Kh8 22. Ne2 Raf8 23. c3 Rf6 24. Qc4 Qg4 25. h3 Qg6 26. Kh2 Qf7 27. Qxf7
R8xf7 28. Re1 Ne5 29. Nfd4 Rf1 30. Nf5 Rxe1 31. Bxe1 Nd3 32. Bg3 Nxb2 33. Nf4
Kh7 34. Nd5 Rf8 35. Nxd6 Bxd6 36. Bxd6 Nc4 37. Bc5 Rf1 38. Kg3 Nd2 39. Kg4 Nxe4
40. Bd4 Nf6+ 41. Nxf6+ gxf6 42. h4 f5+ 43. Kh5 Ra1 44. Be3 Rxa4 45. g3 Rg4 46.
Bf4 Rg6 0-1

[Event "GBR-ch78"]
[Site "Eastbourne"]
[Date "1991.08.08"]
[Round "10.16"]
[White "McDonald, Neil R"]
[Black "Buckley, Graeme"]
[Result "1-0"]
[WhiteElo "2390"]
[BlackElo "2285"]
[PlyCount "47"]
[EventDate "1991.07.29"]
[EventType "swiss"]
[EventRounds "11"]
[EventCountry "GBR"]
[SourceTitle "EXT 1997"]
[Source "ChessBase"]
[SourceDate "1996.11.15"]
[SourceVersion "1"]
[SourceVersionDate "1996.11.15"]
[SourceQuality "1"]

1. e4 c5 2. Nf3 d6 3. d4 cxd4 4. Nxd4 Nf6 5. Nc3 a6 6. Bg5 e6 7. f4 b5 8. e5
dxe5 9. fxe5 Qc7 10. Qe2 Nfd7 11. O-O-O Nc6 12. Nxc6 Qxc6 13. Qd3 Bb7 14. Be2
Qc7 15. Rhf1 Nc5 16. Qg3 h6 17. Bxb5+ axb5 18. Nxb5 Nb3+ 19. Qxb3 Qc6 20. Qa4
f6 21. exf6 gxf6 22. Nc7+ Kf7 23. Qxc6 Bxc6 24. Bxf6 1-0

[Event "GBR-ch78"]
[Site "Eastbourne"]
[Date "1991.08.08"]
[Round "10.17"]
[White "Baker, Chris W"]
[Black "Dishman, Stephen"]
[Result "1-0"]
[WhiteElo "2270"]
[BlackElo "2360"]
[PlyCount "36"]
[EventDate "1991.07.29"]
[EventType "swiss"]
[EventRounds "11"]
[EventCountry "GBR"]
[SourceTitle "EXT 1997"]
[Source "ChessBase"]
[SourceDate "1996.11.15"]
[SourceVersion "1"]
[SourceVersionDate "1996.11.15"]
[SourceQuality "1"]

1. e4 d5 2. exd5 Qxd5 3. Nc3 Qa5 4. Nf3 Nf6 5. h3 Bf5 6. Bc4 e6 7. O-O c6 8.
Qe2 Nbd7 9. d3 Be7 10. Re1 O-O 11. Nd4 Bg6 12. Bd2 Qb6 13. Nxe6 fxe6 14. Bxe6+
Kh8 15. Bxd7 Nxd7 16. Qxe7 Qxf2+ 17. Kh1 Qxd2 18. Re2 Rae8 1-0

[Event "GBR-ch78"]
[Site "Eastbourne"]
[Date "1991.08.08"]
[Round "10.18"]
[White "Clarke, Stuart W"]
[Black "Daly, Colm"]
[Result "1-0"]
[WhiteElo "2335"]
[BlackElo "2230"]
[PlyCount "63"]
[EventDate "1991.07.29"]
[EventType "swiss"]
[EventRounds "11"]
[EventCountry "GBR"]
[SourceTitle "EXT 1997"]
[Source "ChessBase"]
[SourceDate "1996.11.15"]
[SourceVersion "1"]
[SourceVersionDate "1996.11.15"]
[SourceQuality "1"]

1. e4 e6 2. d4 d5 3. Nd2 Nf6 4. Bd3 c5 5. c3 Nc6 6. Ngf3 cxd4 7. cxd4 dxe4 8.
Nxe4 Bb4+ 9. Bd2 Be7 10. Nxf6+ Bxf6 11. Bc3 O-O 12. O-O g6 13. Be4 Ne7 14. Rc1
Nd5 15. Bd2 b6 16. Ne5 Bb7 17. Bh6 Re8 18. Qf3 Qe7 19. Rfe1 Rad8 20. Rcd1 Ba8
21. a3 Bh8 22. Qg3 Bxe5 23. dxe5 Nc7 24. Bxa8 Rxd1 25. Rxd1 Rxa8 26. Bg5 Qe8
27. Qh4 Nd5 28. Bf6 Rc8 29. h3 Rc2 30. Rd4 h5 31. Qg5 Qa8 32. Qh6 1-0